书目信息 |
| 题名: |
主持考级教程
|
|
| 作者: | 邢昆仑 , 杨艾 艾著 | |
| 分册: | ||
| 出版信息: | 长春 吉林文史出版社 2018 |
|
| 页数: | 227页 | |
| 开本: | 24cm | |
| 丛书名: | ||
| 单 册: | ||
| 中图分类: | G222.2 , J812 | |
| 科图分类: | ||
| 主题词: | 主持人--语言艺术--儿童教育--水平考试--教材 , 表演学--儿童教育--水平考试--教材 | |
| 电子资源: | ||
| ISBN: | 978-7-5472-5606-0 | |
| 000 | 01149nam0 2200265 45 | |
| 001 | 012001004499 | |
| 005 | 20140124141007.0 | |
| 010 | @a978-7-5472-5606-0@dCNY98.00 | |
| 100 | @a20181031d2018 em y0chiy0110 ea | |
| 101 | 0 | @achi |
| 102 | @aCN@b220000 | |
| 105 | @ay z 000yy | |
| 106 | @ar | |
| 200 | 1 | @a主持考级教程@Azhu chi kao ji jiao cheng@f邢昆仑,杨艾著 |
| 210 | @a长春@c吉林文史出版社@d2018 | |
| 215 | @a227页@d24cm | |
| 330 | @a本书作者根据自己一线教学的多年经验,将主持演说从入门开始,进行了文字的整理,编写,创作。并将主持人的发声训练,口腔操,互动游戏,情景模仿,沟通技巧,采访,新闻,表达能力,亲子互动等内容进行了趣味编写。可以让不同阶段的适龄儿童或青少年迅速投入到主持与演讲的学习中来。并且养成良好的主持演讲习惯,培养良好学习沟通和情商。可以增进亲子关系,塑造孩子的良好品格,是一本寓教于乐,丰富有趣的主持演说青少儿考级的教材。 | |
| 606 | 0 | @a主持人@x语言艺术@x儿童教育@x水平考试@j教材 |
| 606 | 0 | @a表演学@x儿童教育@x水平考试@j教材 |
| 690 | @aG222.2@v5 | |
| 690 | @aJ812@v5 | |
| 701 | 0 | @a邢昆仑@Axing kun lun@4艾著 |
| 701 | 0 | @a杨艾@Ayang ai@4著 |
| 801 | 0 | @b江苏凤凰@c20191020 |
| 905 | @b1238691-4@dG222.2@e262@f4 | |
| 主持考级教程/邢昆仑,杨艾著.-长春:吉林文史出版社,2018 |
| 227页;24cm |
| ISBN 978-7-5472-5606-0:CNY98.00 |
| 本书作者根据自己一线教学的多年经验,将主持演说从入门开始,进行了文字的整理,编写,创作。并将主持人的发声训练,口腔操,互动游戏,情景模仿,沟通技巧,采访,新闻,表达能力,亲子互动等内容进行了趣味编写。可以让不同阶段的适龄儿童或青少年迅速投入到主持与演讲的学习中来。并且养成良好的主持演讲习惯,培养良好学习沟通和情商。可以增进亲子关系,塑造孩子的良好品格,是一本寓教于乐,丰富有趣的主持演说青少儿考级的教材。 |
| ● |
| 相关链接 |
|
|
|
|
正题名:主持考级教程
索取号:G222.2/262
 
预约/预借
| 序号 | 登录号 | 条形码 | 馆藏地/架位号 | 状态 | 备注 |
| 1 | 1238691 | 212386915 | 第一样本阅览室/ [索取号:G222.2/262] | 在馆 | |
| 2 | 1238692 | 212386924 | 教育系资料室/ [索取号:G222.2/262] | 在馆 | |
| 3 | 1238693 | 212386933 | 教育系资料室/ [索取号:G222.2/262] | 在馆 | |
| 4 | 1238694 | 212386942 | 第四借阅区/ [索取号:G222.2/262] | 在馆 |